<?xml version="1.0" encoding="UTF-8"?><?xml-stylesheet type="text/xsl" href="static/style.xsl"?><OAI-PMH xmlns="http://www.openarchives.org/OAI/2.0/" xmlns:xsi="http://www.w3.org/2001/XMLSchema-instance" xsi:schemaLocation="http://www.openarchives.org/OAI/2.0/ http://www.openarchives.org/OAI/2.0/OAI-PMH.xsd"><responseDate>2026-04-14T03:47:22Z</responseDate><request verb="GetRecord" identifier="oai:www.recercat.cat:10459.1/468527" metadataPrefix="marc">https://recercat.cat/oai/request</request><GetRecord><record><header><identifier>oai:recercat.cat:10459.1/468527</identifier><datestamp>2025-12-15T19:49:04Z</datestamp><setSpec>com_2072_3622</setSpec><setSpec>col_2072_479130</setSpec></header><metadata><record xmlns="http://www.loc.gov/MARC21/slim" xmlns:dcterms="http://purl.org/dc/terms/" xmlns:xsi="http://www.w3.org/2001/XMLSchema-instance" xmlns:doc="http://www.lyncode.com/xoai" xsi:schemaLocation="http://www.loc.gov/MARC21/slim http://www.loc.gov/standards/marcxml/schema/MARC21slim.xsd">
   <leader>00925njm 22002777a 4500</leader>
   <datafield ind2=" " ind1=" " tag="042">
      <subfield code="a">dc</subfield>
   </datafield>
   <datafield ind2=" " ind1=" " tag="720">
      <subfield code="a">Balde, Bountouraby</subfield>
      <subfield code="e">author</subfield>
   </datafield>
   <datafield ind2=" " ind1=" " tag="260">
      <subfield code="c">2025-07-22T12:34:47Z</subfield>
   </datafield>
   <datafield ind2=" " ind1=" " tag="260">
      <subfield code="c">2025-04-08</subfield>
   </datafield>
   <datafield ind2=" " ind1=" " tag="260">
      <subfield code="c">2026-04-08T02:00:00Z</subfield>
   </datafield>
   <datafield ind2=" " ind1=" " tag="520">
      <subfield code="a">Els incendis forestals són esdeveniments naturals o antròpics que afecten nombrosos ecosistemes a nivell global. En els darrers anys s'ha observat amb preocupació un augment en la seva distribució, freqüència i intensitat a la Mediterrània, cosa que s'atribueix a factors com el canvi climàtic i la seva variabilitat, els canvis en usos del sòl i l'expansió de la interfície urbana- forestal. La gran quantitat de gasos d'efecte hivernacle (principalment el diòxid de carboni (CO2), metà CH4 i l'òxid nitrós N2O) i partícules alliberades pels incendis forestals a l'atmosfera contribueixen a l'escalfament global que s'està produint de manera gradual a nivell mundial. Per mitigar els efectes de les emissions provinents dels incendis forestals, és essencial avaluar amb exactitud la quantitat de gasos alliberats pels incendis i estimar-ne els possibles impactes. &#xd;
&#xd;
Aquesta tesi presenta avenços metodològics per modelitzar i millorar les estimacions d'estocs i emissions potencials de carboni com a conseqüència dels incendis forestals en masses forestals mediterrànies, utilitzant mètodes basats en teledetecció.</subfield>
   </datafield>
   <datafield ind2=" " ind1=" " tag="520">
      <subfield code="a">Los incendios forestales son eventos naturales o antrópicos que afectan a numerosos ecosistemas a nivel global. En los últimos años se ha observado con preocupación un aumento en su distribución, frecuencia e intensidad en el Mediterráneo, lo que se atribuye a factores como el cambio climático y su variabilidad, los cambios en usos del suelo y la expansión de la interfaz urbano-forestal. La gran cantidad de gases de efecto invernadero (principalmente el dióxido de carbono (CO2), metano CH4 y el óxido nitroso N2O) y partículas liberadas por los incendios forestales a la atmosfera, contribuyen al calentamiento global que se está produciendo de forma gradual a nivel mundial. Para mitigar los efectos de las emisiones provenientes de los incendios forestales, es esencial evaluar con exactitud la cantidad de gases liberados por los incendios y estimar sus posibles impactos.&#xd;
&#xd;
Esta tesis presenta avances metodológicos para modelizar y mejorar las estimaciones de stocks y emisiones potenciales de carbono como consecuencia de los incendios forestales en masas forestales mediterráneas, utilizando métodos basados en teledetección.</subfield>
   </datafield>
   <datafield ind2=" " ind1=" " tag="520">
      <subfield code="a">Forest fires are natural or anthropogenic events that affect numerous ecosystems globally. In recent years, an increase in their distribution, frequency and intensity in the Mediterranean has been observed with concern, which is attributed to factors such as climate change and its variability, changes in land use and the expansion of the forest-urban interface. The large amount of greenhouse gases (mainly carbon dioxide (CO2), methane (CH4) and nitrous oxide (N2O) and particulate matter released by forest fires into the atmosphere contribute to the global warming that is gradually occurring worldwide. To mitigate the effects of emissions from wildfires, it is essential to accurately assess the amount of gases released by wildfires and estimate their potential impacts.&#xd;
&#xd;
This thesis presents methodological advances to model and improve the estimation of carbon stocks and potential emissions as a consequence of forest fires in Mediterranean forests, using remote sensing methods.</subfield>
   </datafield>
   <datafield tag="653" ind2=" " ind1=" ">
      <subfield code="a">Incendis forestals</subfield>
   </datafield>
   <datafield tag="653" ind2=" " ind1=" ">
      <subfield code="a">Gasos d'efecte hivernacle</subfield>
   </datafield>
   <datafield tag="653" ind2=" " ind1=" ">
      <subfield code="a">Incendios forestales</subfield>
   </datafield>
   <datafield tag="653" ind2=" " ind1=" ">
      <subfield code="a">Gases de efecto invernadero</subfield>
   </datafield>
   <datafield tag="653" ind2=" " ind1=" ">
      <subfield code="a">Forest fires</subfield>
   </datafield>
   <datafield tag="653" ind2=" " ind1=" ">
      <subfield code="a">Greenhouse gases</subfield>
   </datafield>
   <datafield tag="653" ind2=" " ind1=" ">
      <subfield code="a">Enginyeria Agroforestal</subfield>
   </datafield>
   <datafield tag="653" ind2=" " ind1=" ">
      <subfield code="a">634</subfield>
   </datafield>
   <datafield ind2="0" ind1="0" tag="245">
      <subfield code="a">Modelización de emisiones por incendios forestales en bosques mediterráneos de Cataluña</subfield>
   </datafield>
</record></metadata></record></GetRecord></OAI-PMH>